Genetic programming : proceedings of the First Annual Conference 1996

Αποθηκεύτηκε σε:
Λεπτομέρειες βιβλιογραφικής εγγραφής
Συγγραφή απο Οργανισμό/Αρχή: Genetic Programming Conference
Άλλοι συγγραφείς: Koza, John (Επιμελητής έκδοσης)
Μορφή: Βιβλίο
Γλώσσα:English
Δημοσίευση: Cambridge, Mass. : The MIT press, c1996.
Σειρά:Complex adaptive systems
Θέματα:
Ετικέτες: Προσθήκη ετικέτας
Δεν υπάρχουν, Καταχωρήστε ετικέτα πρώτοι!

MARC

LEADER 00000cam a2200000 i 4500
001 1/4505
008 000529s1996 mau ||| | eng||
020 |a 0262611279 
035 |l 10061221 
040 |a GR-MyUA  |b gre  |e AACR2 
041 0 |a eng 
082 0 |a 006  
110 2 |a Genetic Programming Conference. 
245 1 0 |a Genetic programming :   |b proceedings of the First Annual Conference 1996 /   |c edited by John R. Koza...[κ. ά.].  
260 |a Cambridge, Mass. :   |b The MIT press,   |c c1996.  
300 |a xviii, 568 σ. :   |b εικ. ;   |c 28 εκ.  
490 1 |a (Complex adaptive systems) 
500 |a A Bradford book 
504 |a Περιέχει ευρετήριο.  
650 0 0 |a Computer programming  |x Congresses. 
650 0 0 |a Genetics  |x Data processing  |x Congresses. 
650 0 0 |a Computer programming  |x Programming  |x Congresses. 
650 0 0 |a Genetic algorithms  |x Congresses. 
650 0 0 |a Evolutionary programming (Computer science)  |x Congresses. 
700 1 |a Koza, John,  |e edt 
830 0 |a Complex adaptive systems 
852 |a INST  |b SAMOS  |e 20000529  |h 006 GEN  |p 005300015413  |q 005300015413  |t BK  |y 0 
901 |a BIBL3-2000-2 
909 |a Σ  |b 075038 
922 |a 3ΕΛΗ  |b 200003  |c ΤΠΕΣ/ΤΑΚΤ  |d ΠΑΠΑΣΩΤΗΡΙΟΥ 
970 |a ΓΕΝΟΥΖΟΥ  |b ΧΡΥΣΑΝΘΗ  |z 2000/05/29